Applied deep learning : a case-based approach to understanding deep neural networks (Record no. 17961)
[ view plain ]
| 000 -LEADER | |
|---|---|
| fixed length control field | 00416nam a2200145Ia 4500 |
| 008 - FIXED-LENGTH DATA ELEMENTS--GENERAL INFORMATION | |
| fixed length control field | 230312s9999||||xx |||||||||||||| ||und|| |
| 020 ## - INTERNATIONAL STANDARD BOOK NUMBER | |
| International Standard Book Number | 9783030044701 |
| 082 ## - DEWEY DECIMAL CLASSIFICATION NUMBER | |
| Classification number | 530.120 |
| Item number | GIU-Q |
| 100 ## - MAIN ENTRY--PERSONAL NAME | |
| Personal name | Michelucci,Umberto |
| 245 #0 - TITLE STATEMENT | |
| Title | Applied deep learning : a case-based approach to understanding deep neural networks |
| 260 ## - PUBLICATION, DISTRIBUTION, ETC. | |
| Name of publisher, distributor, etc. | Springer |
| Date of publication, distribution, etc. | 2018 |
| 300 ## - PHYSICAL DESCRIPTION | |
| Extent | 178 |
| 650 ## - SUBJECT ADDED ENTRY--TOPICAL TERM | |
| Topical term or geographic name entry element | Computer |
| Form subdivision | Electronic Book |
| 942 ## - ADDED ENTRY ELEMENTS (KOHA) | |
| Koha item type | BOOK |
| Withdrawn status | Lost status | Source of classification or shelving scheme | Damaged status | Not for loan | Home library | Current library | Date acquired | Total Checkouts | Total Renewals | Full call number | Barcode | Date last seen | Date last checked out | Price effective from | Koha item type |
|---|---|---|---|---|---|---|---|---|---|---|---|---|---|---|---|
| Dewey Decimal Classification | Superior Information Resource Center (SIRC) Superior University- Gold Campus | Superior Information Resource Center (SIRC) Superior University- Gold Campus | 03/13/2023 | 2 | 1 | 530.120 GIU-Q | 18862 | 03/11/2025 | 03/02/2025 | 03/13/2023 | BOOK |
